| 000 | 02395nam0a2200385 4500 | ||
|---|---|---|---|
| 001 | RU\NLR\BIBL_A\011943469 | ||
| 005 | 20190313104610.0 | ||
| 010 |
_a978-5-906771-90-2 _9500 |
||
| 021 |
_aRU _bКН-П-19-002934 _9КН-П-19-0210 |
||
| 035 | _a(NLR Aleph) 011943469 | ||
| 035 | _a(RuMoRGB)009868575 | ||
| 090 |
_a11105199 _c11105199 |
||
| 100 | _a20190221d2018 km y0rusy50 ca | ||
| 101 | 0 | _arus | |
| 102 | _aRU | ||
| 105 | _ay|||z|||000zy | ||
| 200 | 1 |
_aЭтнополитические процессы в Кабардино-Балкарии в период системной трансформации российского общества: особенности и основные тенденции _dEthnopolitical processes in Kabardino-Balkaria in the period of system transformation of russian society: features and major trends _e[монография] _fА. И. Тетуев _gИнститут гуманитарных исследований - филиал Федерального государственного бюджетного научного учреждения "Федеральный научный центр "Кабардино-Балкарский научный центр Российской академии наук" _zeng |
|
| 210 |
_aНальчик _cПринт-Центр _d2018 |
||
| 215 |
_a239 с. _cтабл. _d21 |
||
| 300 | _aАвт. также на англ. яз.: A.L. Tetuev | ||
| 300 | _aВ тексте аннот. авт.: д.ист.н. А. И. Тетуев | ||
| 300 | _aРез. англ. | ||
| 320 | _aБиблиогр.: с. 224-239 | ||
| 510 | 1 |
_6z44790 _aEthnopolitical processes in Kabardino-Balkaria in the period of system transformation of russian society: features and major trends _zeng |
|
| 606 | 1 |
_aЭтнополитические процессы _yКабардино-Балкарская Республика _2nlr_sh1 _2nlr_sh2 _3RU\NLR\AUTH\661366215 |
|
| 607 |
_aРоссийская Федерация _xНациональная политика _yКавказ Северный _2nlr_sh2 _3RU\NLR\AUTH\661462203 |
||
| 686 | 1 | _aТ3(2Р-6К)74-36 | |
| 686 | 1 | _aТ3(2)74-36 | |
| 700 | 1 |
_aТетуев _bА. И. _gАлим Инзрелович |
|
| 790 | 1 |
_6z44510 _aTetuev _bA. L. |
|
| 942 | _cBOOK | ||
| 980 | _aNBR | ||
| 980 | _aNB | ||